| 000 | 00448nam a2200157Ia 4500 | ||
|---|---|---|---|
| 008 | 210716s2003 xx 000 0 und d | ||
| 020 | _a0891061789 | ||
| 041 | _aeng | ||
| 082 | _a658.4092 KLEM | ||
| 100 | _aKlein, Merom; Napier, Rod. | ||
| 245 |
_aCourage to act: 5 factors of courage to transform business. _b5 factors of courage to transform business. |
||
| 250 | _a1 | ||
| 260 |
_aCalifornia _c2003 |
||
| 300 | _axxiv,239 | ||
| 650 | _aNone | ||
| 999 |
_c206281 _d206281 |
||